[Event "110th US Open"]
[Site "Indianapolis USA"]
[Date "2009.08.02"]
[Round "2"]
[White "Amarasinghe,P"]
[Black "Gurevich,D"]
[Result "0-1"]
[WhiteElo "1946"]
[BlackElo "2485"]

1.d4 Nf6 2.c4 e6 3.g3 c5 4.d5 exd5 5.cxd5 b5 6.Bg2 d6 7.a4 b4 8.Nd2 g6 9.Nc4 Ba6
10.Qb3 Bxc4 11.Qxc4 a6 12.Nf3 Bg7 13.e4 O-O 14.O-O Nbd7 15.a5 Re8 16.Nd2 Qb8
17.Re1 Ne5 18.Qb3 Nfd7 19.f4 c4 20.Nxc4 Nc5 21.Qc2 Ncd3 22.Re2 Rc8 23.fxe5 Nxe5
24.Nb6 Rxc2 25.Rxc2 Qa7 26.Bf4 b3 27.Rc3 Ng4 28.Rc4 Bxb2 29.Rb1 Be5 30.Rxb3 Re8
31.Bf3 h5 32.Bxg4 hxg4 33.Be3 Qe7 34.Nc8 Qf6 35.Bf2 Kg7 36.Na7 Qg5 37.Be3 Qh5
38.Nc6 Rh8 39.Rc2 Bxg3 40.Bd4+ Be5 41.Bxe5+ dxe5 42.Rf2 g3 43.Rxg3 Qd1+ 44.Kg2 Qe1
45.Rgf3 Qxe4 46.Ne7 f5 47.d6 f4 48.d7 Rd8 49.Rd2 Qb4  0-1

[Event "4th Timisoara Cup B"]
[Site "Timisoara ROM"]
[Date "2009.08.08"]
[Round "8"]
[White "Dragomirescu,An"]
[Black "Florescu,C"]
[Result "1/2-1/2"]
[WhiteElo "2215"]
[BlackElo "2261"]

1.d4 Nf6 2.c4 e6 3.g3 c5 4.d5 exd5 5.cxd5 d6 6.Nc3 g6 7.Bg2 Bg7 8.Nf3 O-O
9.O-O Re8 10.Nd2 a6 11.a4 Nbd7 12.Nc4 Ne5 13.Na3 Nh5 14.h3 f5 15.Kh2 Bd7  1/2-1/2

[Event "25th Open"]
[Site "Geraadsbergen BEL"]
[Date "2009.08.16"]
[Round "9"]
[White "Clemens,A"]
[Black "Alienkin,A"]
[Result "1/2-1/2"]
[WhiteElo "2264"]
[BlackElo "2402"]

1.d4 Nf6 2.c4 e6 3.g3 c5 4.d5 exd5 5.cxd5 d6 6.Nc3 g6 7.Bg2 Bg7 8.Nf3 O-O
9.O-O Bg4 10.Nd2 Qd7 11.a4 Bh3 12.Nc4 Bxg2 13.Kxg2 Ne8 14.Bf4 Bxc3 15.bxc3 Qe7
16.Qd3 Nd7 17.e4 f6 18.Bh6 Ng7 19.f4 Rae8 20.Rae1 Nb6 21.Nd2 Qd7 22.a5 Nc8
23.Nf3 Ne7 24.Bxg7 Kxg7 25.c4 Kg8 26.e5 fxe5 27.fxe5 dxe5 28.Rxe5 Nf5 29.Rfe1 Rxe5
30.Rxe5 Re8 31.Qe4 Nd6 32.Rxe8+ Qxe8 33.Qf4 Qe2+ 34.Kg1 Qd1+ 35.Kg2 Qe2+
36.Kg1  1/2-1/2

[Event "24th Open"]
[Site "Schwarzach AUT"]
[Date "2009.08.17"]
[Round "3"]
[White "Platzgummer,F"]
[Black "Smirnov,Arte"]
[Result "1-0"]
[WhiteElo "2308"]
[BlackElo "2441"]

1.d4 Nf6 2.c4 e6 3.g3 c5 4.Nf3 cxd4 5.Nxd4 a6 6.Bg2 Qc7 7.Nc3 Qxc4 8.O-O Nc6
9.Nb3 d5 10.Bf4 Be7 11.Rc1 Qb4 12.e4 dxe4 13.Bc7 O-O 14.a3 Qc4 15.Nxe4 Qb5
16.Nxf6+ Bxf6 17.Rc5 Qa4 18.Qc2 Ne7 19.Rc4 Qd7 20.Bf4 Nd5 21.Nc5 Qb5 22.b4 Rd8
23.Rd1 Qe8 24.Ne4 Be7 25.Be5 Bd7 26.Qb2 f6 27.Bd4 Rac8 28.Rxc8 Bxc8 29.Bc5 b6
30.Bxe7 Qxe7 31.Qd4 Re8 32.Nc3 Nxc3 33.Qxc3 Bb7 34.Qd4 Bxg2 35.Kxg2 Qb7+
36.Kg1 Kf7 37.Qd6 Re7 38.h4 Qc7 39.Qd3 g6 40.Qxa6 Qc6 41.a4 Qc2 42.Rf1 e5
43.Qxb6 Qxa4 44.Qc5 Qb3 45.Ra1 h5 46.b5 Rb7 47.Ra7 Rxa7 48.Qxa7+ Ke6 49.Qa6+ Kf5
50.Qc8+ Qe6 51.Qc5 Qb3 52.b6 g5 53.Qc8+ Kg6 54.b7 Qb1+ 55.Kh2 Qb2 56.Kg2 gxh4
57.b8=Q h3+ 58.Kxh3 Qxf2 59.Qg8+  1-0

[Event "16th Vienna Open"]
[Site "Vienna AUT"]
[Date "2009.08.23"]
[Round "9"]
[White "Karner,C"]
[Black "Saric,A"]
[Result "1-0"]
[WhiteElo "2373"]
[BlackElo "2486"]

1.d4 Nf6 2.c4 e6 3.g3 c5 4.Nf3 cxd4 5.Nxd4 d5 6.Bg2 e5 7.Nf3 d4 8.O-O Nc6
9.e3 Bc5 10.exd4 exd4 11.Nbd2 O-O 12.Nb3 Qb6 13.Bf4 Bf5 14.Ne5 Rad8 15.Nxc6 bxc6
16.Bg5 Rd6 17.Bd2 Nd7 18.a3 Qa6 19.Re1 Bb6 20.c5 Nxc5 21.Nxc5 Bxc5 22.Re5 Bb6
23.Rxf5 c5 24.Rc1 Re8 25.Bd5 Re7 26.Bg5 Red7 27.Qf3 h6 28.Bd2 Kh7 29.Rxf7 Rxd5
30.Rxd7  1-0

[Event "ch-PAR"]
[Site "Asuncion PAR"]
[Date "2009.09.14"]
[Round "9"]
[White "Morales,E"]
[Black "Butti,E"]
[Result "0-1"]
[WhiteElo "1941"]
[BlackElo "2084"]

1.d4 Nf6 2.c4 e6 3.g3 c5 4.Nf3 cxd4 5.Bg2 e5 6.O-O Nc6 7.e3 dxe3 8.Bxe3 d6
9.Nc3 Be7 10.Qd2 Be6 11.b3 Ng4 12.Rfd1 Nxe3 13.Qxe3 Qb8 14.Rd2 O-O 15.Rad1 Rd8
16.Nd5 Bf8 17.Ng5 h6 18.Ne4 Nd4 19.f4 Bxd5 20.cxd5 Qc7 21.Bh3 f5 22.Nc3 Qc5
23.Kh1 Nxb3 24.Qxc5 Nxc5 25.fxe5 dxe5 26.Bxf5 Bd6 27.Nb5 a6 28.Nxd6 Rxd6
29.Rb2 Rad8 30.Bc2 b5 31.a4 Nxa4 32.Bxa4 bxa4 33.Ra2 Rxd5 34.Rxd5 Rxd5 35.Rxa4 a5
36.Kg2 Kf7 37.Kf3 Ke6 38.Rg4 g5 39.Rc4 Kd6 40.Rc8 a4 41.Ra8 Rd4 42.Ra6+ Kc5
43.Rxh6 a3 44.Rh5 a2  0-1

[Event "17th TCh-Eur"]
[Site "Novi Sad SRB"]
[Date "2009.10.22"]
[Round "1"]
[White "Morrison,G SCO"]
[Black "Ivanisevic,I"]
[Result "1/2-1/2"]
[WhiteElo "2353"]
[BlackElo "2614"]

1.d4 Nf6 2.c4 e6 3.g3 c5 4.d5 exd5 5.cxd5 d6 6.Nc3 g6 7.Bg2 Bg7 8.Nf3 O-O
9.O-O Re8 10.Nd2 a6 11.a4 Nbd7 12.h3 Rb8 13.Nc4 Nb6 14.Na3 Bd7 15.e4 Qc7
16.Be3 Nxa4 17.Nxa4 Nxe4 18.Nc2 a5 19.Re1 b5 20.Bxe4 Rxe4 21.Nc3 Ree8 22.Bf4 Rxe1+
23.Nxe1 Re8 24.Qf3 f5 25.Qd3 c4 26.Qd2 b4 27.Ne2 c3 28.bxc3 Qc4 29.Be3 Bb5
30.Nd4 bxc3 31.Qd1 Bd7 32.Ndc2 f4 33.Bxf4 Bxh3 34.Ng2 Qa6 35.Be3 Bf5 36.Nf4 Qc4
37.Rxa5 Qe4 38.Ra2 Rb8 39.g4 Bxg4 40.Qa1 Rc8 41.Ra8 Qe8 42.Rxc8 Qxc8 43.Bd4 Bf3
44.Bxg7 Qg4+ 45.Kf1 Qxf4 46.Bd4 Be4 47.Qxc3 Qc1+ 48.Ne1 Qxc3 49.Bxc3 Bxd5
50.Bb4 Bc4+ 51.Kg2  1/2-1/2

[Event "Chigorin Mem Open"]
[Site "St Petersburg RUS"]
[Date "2009.10.22"]
[Round "7"]
[White "Mukashev,A"]
[Black "Lanin,A"]
[Result "0-1"]
[WhiteElo "2085"]
[BlackElo "2446"]

1.d4 Nf6 2.c4 e6 3.g3 c5 4.d5 exd5 5.cxd5 b5 6.Nf3 d6 7.e4 a6 8.Nfd2 Qe7
9.Qe2 Nbd7 10.a4 b4 11.a5 h5 12.h3 Ne5 13.Bg2 Bd7 14.b3 g5 15.Nc4 Bg7 16.Bb2 Nxc4
17.bxc4 O-O-O 18.O-O Rhg8 19.Nd2 h4 20.g4 Rde8 21.Qd1 Nxe4 22.Nxe4 Bxb2 23.Rb1 Be5
24.Qf3 Kd8 25.Rfd1 Bc8 26.Nxc5 dxc5 27.d6 Qa7 28.d7 Bxd7 29.Rd5 Bd4 30.Qxf7 Rg7
31.Qh5 Kc8 32.Rxg5 Rxg5 33.Qxg5 Rf8 34.Rd1 b3 35.Qe7 Rd8 36.g5 Qc7 37.Qe4 Bc6
38.Qe6+ Kb7 39.Rb1 b2 40.Bxc6+ Qxc6 41.Qe7+ Qc7 42.Qe4+ Ka7 43.Qxh4 Rf8  0-1

[Event "World Seniors"]
[Site "Condino ITA"]
[Date "2009.10.31"]
[Round "5"]
[White "Arkhangelsky,B"]
[Black "Butnorius,A"]
[Result "0-1"]
[WhiteElo "2292"]
[BlackElo "2433"]

1.d4 Nf6 2.c4 e6 3.g3 c5 4.d5 exd5 5.cxd5 g6 6.Bg2 Bg7 7.Nf3 O-O 8.O-O d6
9.Nc3 a6 10.a4 Re8 11.Bf4 Ne4 12.Nxe4 Rxe4 13.Ra2 Bg4 14.h3 Bxf3 15.Bxf3 Re8
16.h4 h5 17.Qd2 Qe7 18.Bg5 Qf8 19.g4 hxg4 20.Bxg4 f5 21.Bf3 Nd7 22.Bg2 Nf6
23.Ra3 Ne4 24.Bxe4 Rxe4 25.Rg3 Rae8 26.Re1 Kh7 27.Kg2 Qf7 28.e3 Rb4 29.h5 gxh5
30.Rh1 Rg4 31.Bf4 Be5 32.Rh3 Bxf4 33.exf4 Reg8 34.f3 Rxg3+ 35.Rxg3 Rxg3+
36.Kxg3 Kh6 37.Kh3 b5 38.axb5 axb5 39.Qg2 Qg6 40.Qe2 Qf7 41.Qg2 Qxd5 42.Qg5+ Kh7
43.Qe7+ Kg6 44.Qe8+ Qf7 45.Qxb5 Qe6 46.Qb6 Qd5 47.Kg3 Qd4 48.Qd8 h4+ 49.Kh3 Qxf4
50.Qe8+ Kf6 51.Qf8+ Ke5 52.Qh8+ Kd5 53.Qa8+ Kd4 54.Qa4+ c4 55.Qd1+ Kc5 56.b4+ cxb3  0-1

[Event "13th OIBM"]
[Site "Bad Wiessee GER"]
[Date "2009.11.02"]
[Round "3"]
[White "Hertneck,G"]
[Black "Pohle,D"]
[Result "1-0"]
[WhiteElo "2513"]
[BlackElo "2206"]

1.d4 Nf6 2.c4 e6 3.g3 c5 4.d5 exd5 5.cxd5 b5 6.Bg2 d6 7.e4 Nbd7 8.Nf3 Ne5
9.O-O Bg4 10.Nbd2 Rb8 11.Qc2 Bxf3 12.Bxf3 h5 13.h3 Qc8 14.Bg2 c4 15.a4 a6
16.axb5 axb5 17.f4 Qc5+ 18.Kh1 Nd3 19.Nf3 Be7 20.Qe2 Nxc1 21.Raxc1 O-O 22.Rfd1 Rfe8
23.Nd4 Bf8 24.Nc6 Rbc8 25.b4 Qb6 26.e5 dxe5 27.fxe5 Nxd5 28.Bxd5 Rxc6 29.Rf1 Rce6
30.Qxh5 g6 31.Qf3 Qc7 32.Ra1 R6e7 33.Ra6 Re6 34.Bxe6 fxe6 35.Rxe6 Qd7 36.Rxg6+ Bg7
37.e6  1-0

[Event "FSGM November"]
[Site "Budapest HUN"]
[Date "2009.11.18"]
[Round "12"]
[White "Prohaszka,P2"]
[Black "Paschall,W"]
[Result "1/2-1/2"]
[WhiteElo "2495"]
[BlackElo "2386"]

1.d4 Nf6 2.c4 e6 3.g3 c5 4.d5 exd5 5.cxd5 d6 6.Nc3 g6 7.Bg2 Bg7 8.Nf3 O-O
9.O-O Re8 10.Bf4 Ne4 11.Nxe4 Rxe4 12.Nd2 Rxf4 13.gxf4 Bxb2 14.Rb1 Bg7 15.a4 b6
16.Nc4 Na6 17.Re1 Nb4 18.e4 Ba6 19.Qb3  1/2-1/2

[Event "26th Open"]
[Site "Boeblingen GER"]
[Date "2009.12.28"]
[Round "4"]
[White "Abel,D"]
[Black "Rojas Keim,L"]
[Result "0-1"]
[WhiteElo "2380"]
[BlackElo "2466"]

1.d4 Nf6 2.c4 e6 3.g3 c5 4.d5 exd5 5.cxd5 d6 6.Nc3 g6 7.Bg2 Bg7 8.Nf3 O-O
9.O-O Re8 10.Bf4 a6 11.a4 h6 12.Re1 g5 13.Bc1 Bf5 14.Nd2 Nbd7 15.e4 Bg6 16.Nc4 Nb6
17.Nxb6 Qxb6 18.a5 Qd8 19.Ra3 Nd7 20.f4 gxf4 21.gxf4 Qh4 22.Na4 Bd4+ 23.Kh1 Nf6
24.Rh3 Qg4 25.Rg3 Qxd1 26.Rxd1 Bf2 27.Rxg6+ fxg6 28.Nb6 Rad8 29.e5 dxe5 30.fxe5 Rxe5
31.Bxh6 Rde8 32.Bf3 Be3 33.Bxe3 Rxe3 34.Kg2 Rb3 35.Rd2 Ree3 36.Be2 Ne4 37.Rc2 Nd6
38.Kf2 Rh3 39.Kg2 Rh4 40.Nc4 Nf5 41.d6 Rd4 42.Kf2 Rh3 43.Kg2 Rhh4 44.h3 Kf8
45.Kh2 Rhe4 46.b3 Nxd6  0-1

[Event "Pan-American Intercollegiate"]
[Site "South Padre Island USA"]
[Date "2009.12.28"]
[Round "3"]
[White "Del Castilho,M"]
[Black "Kahn,A"]
[Result "0-1"]
[WhiteElo "2213"]
[BlackElo "2197"]

1.d4 Nf6 2.c4 e6 3.g3 c5 4.Nf3 d5 5.cxd5 exd5 6.Bg2 Nc6 7.O-O Be7 8.Nc3 O-O
9.Bg5 cxd4 10.Nxd4 Bg4 11.h3 Be6 12.Rc1 Rc8 13.Nxc6 bxc6 14.Na4 Ne4 15.Bxe7 Qxe7
16.Qd3 Rfe8 17.Rfd1 Qf6 18.Qd4 Qh6 19.Qxa7 Bxh3 20.Qd4 Bxg2 21.Kxg2 Nxg3
22.fxg3 Rxe2+ 23.Kf1 Rce8 24.Qh4 Qe3 25.Qf4 Qe6  0-1

[Event "TCh-NED 2009-10"]
[Site "Netherlands NED"]
[Date "2010.01.09"]
[Round "5"]
[White "Swinkels,R"]
[Black "Feygin,M"]
[Result "1/2-1/2"]
[WhiteElo "2511"]
[BlackElo "2546"]

1.d4 e6 2.c4 Nf6 3.g3 c5 4.Nf3 cxd4 5.Nxd4 d5 6.Bg2 e5 7.Nf3 d4 8.O-O Nc6
9.e3 Bc5 10.exd4 exd4 11.Bg5 h6 12.Bxf6 Qxf6 13.Nbd2 O-O 14.Nb3 Bb6 15.c5 Bc7
16.Nfxd4 Nxd4 17.Qxd4 Be5 18.Qc4 a6 19.Rad1 Bxb2 20.Rd6 Qe7 21.Rb6 Ra7 22.Qb4 Rd8
23.Re1 Qc7 24.h4 a5 25.Nxa5 Bd4 26.Rd6 Bxc5 27.Rxd8+ Qxd8 28.Qxc5 Rxa5 29.Re8+ Qxe8
30.Qxa5 b5 31.Qa8 Bd7 32.Qxe8+ Bxe8 33.Kf1 Kf8 34.Ke2 Ke7 35.Kd3 Kd6 36.Kd4 f6
37.a3 Bg6 38.Bf1 Kc6 39.Be2 Bf7 40.Bd1  1/2-1/2

[Event "Century West Open"]
[Site "Los Angeles USA"]
[Date "2010.01.10"]
[Round "4"]
[White "Peters,Ja"]
[Black "Landaw,J"]
[Result "1-0"]
[WhiteElo "2381"]
[BlackElo "2288"]

1.d4 Nf6 2.c4 e6 3.g3 c5 4.d5 exd5 5.cxd5 d6 6.Nc3 g6 7.Bg2 Bg7 8.Nf3 O-O
9.O-O Na6 10.Nd2 Nc7 11.Nc4 Qe7 12.a4 Rd8 13.e4 Ng4 14.h3 Ne5 15.Ne3 f6 16.Rb1 b6
17.f4 Nf7 18.Re1 Bd7 19.Bf1 Rab8 20.Bd2 b5 21.axb5 Nxb5 22.Nxb5 Bxb5 23.Bxb5 Rxb5
24.Nc4 Qd7 25.Kg2 f5 26.Qc2 Nh6 27.Qd3 fxe4 28.Qxe4 Nf5 29.g4 Nd4 30.Bc3 Rbb8
31.Qe7 Qxe7 32.Rxe7 Nf5 33.gxf5 Bxc3 34.fxg6 hxg6 35.Re6 Kh7 36.Ra1 Bxb2
37.Rxa7+ Kh6 38.Ree7 g5 39.Re6+  1-0

[Event "TCh-AUT 2009-10"]
[Site "Graz AUT"]
[Date "2010.01.15"]
[Round "5"]
[White "Kraemer,Mart"]
[Black "Stohl,I"]
[Result "1/2-1/2"]
[WhiteElo "2482"]
[BlackElo "2531"]

1.d4 Nf6 2.c4 e6 3.g3 c5 4.Nf3 cxd4 5.Nxd4 Bb4+ 6.Bd2 Qb6 7.Bg2 O-O 8.O-O d5
9.Qb3 Na6 10.Bxb4 Qxb4 11.Na3 Bd7 12.Rfd1 Qxb3 13.axb3 Nb4 14.Nab5 e5 15.Nf3 Bxb5
16.cxb5 Rfe8 17.Rdc1 Re7 18.Ra4 a5 19.Rca1 Rc8 20.Rxa5 g6 21.R5a4 Nc2 22.Ra8 Rxa8
23.Rxa8+ Kg7 24.Rc8 Nb4 25.Bh3 d4 26.Rc4 Nfd5 27.Nd2 f5 28.Bg2 Rd7 29.Bxd5 Nxd5
30.Rc5 e4 31.Nc4 Kf6 32.Kf1 Ke6 33.Rc8 Nb4 34.Re8+ Kf6 35.Rb8 d3 36.exd3 Rxd3
37.Rxb7 Rxb3 38.Rxh7 Nd5 39.b6 Nxb6 40.Nd6 Rxb2 41.Ne8+ Ke6 42.Rb7 Ke5  1/2-1/2

[Event "2nd Chennai Open"]
[Site "Chennai IND"]
[Date "2010.01.26"]
[Round "2"]
[White "Ghosh,D"]
[Black "Praveen Kumar,C1"]
[Result "1/2-1/2"]
[WhiteElo "2131"]
[BlackElo "2421"]

1.d4 e6 2.c4 Nf6 3.g3 c5 4.Nf3 cxd4 5.Nxd4 d5 6.Bg2 e5 7.Nf3 d4 8.O-O Nc6
9.e3 d3 10.e4 Bg4 11.Nc3 Be7 12.Bg5 Nd4 13.Bxf6 Bxf6 14.Nd5 d2 15.Ne3 Bxf3
16.Bxf3 O-O 17.Kg2 Nxf3 18.Qxf3 Qd4 19.b3 Rad8 20.h4 Be7 21.Nd5 Ba3 22.Rad1 a6
23.Qe3 Qxe3 24.fxe3 Bc1 25.g4 Rfe8 26.Kf3 Rc8 27.a4  1/2-1/2

[Event "15th HIT Open A"]
[Site "Nova Gorica SLO"]
[Date "2010.02.06"]
[Round "9"]
[White "Markus,Rob"]
[Black "Leon Hoyos,M"]
[Result "1-0"]
[WhiteElo "2620"]
[BlackElo "2542"]

1.d4 Nf6 2.c4 e6 3.g3 c5 4.Nf3 cxd4 5.Nxd4 Bb4+ 6.Bd2 Be7 7.Bg2 Nc6 8.Bc3 O-O
9.O-O d5 10.Nd2 Bd7 11.cxd5 Nxd5 12.Bxd5 exd5 13.N2f3 Bf6 14.Qd3 Bg4 15.Rad1 Re8
16.Rfe1 Qb6 17.Nxc6 Bxc3 18.Qxc3 Qxc6 19.Qb3 Bxf3 20.Qxf3 Re4 21.Rc1 Qb6
22.b3 Rae8 23.e3 g6 24.Red1 Qa5 25.Rc2 Kg7 26.Rd3 R8e5 27.Qd1 h5 28.h4 Rf5
29.Qa1+ Kh7 30.Rcd2 Ree5 31.Qd1 a6 32.Rd4 Qc5 33.b4 Qc3 34.Rc2 Qa3 35.Qd2 Re4
36.Rc8 Ree5 37.Rf4 Qa4 38.Rxf5 Rxf5 39.Qd4 f6 40.Rc7+ Kh6 41.Qd2 g5 42.hxg5+ Rxg5
43.Qd3 f5 44.Qd4 Rg6 45.Qf4+ Rg5 46.Rxb7 Qc6 47.Rc7 Qf6 48.Rd7  1-0

[Event "IFPX Categoria A"]
[Site "Sao Paulo BRA"]
[Date "2010.02.27"]
[Round "5"]
[White "Aranha Filho,A"]
[Black "Diamant,A"]
[Result "0-1"]
[WhiteElo "2294"]
[BlackElo "2497"]

1.d4 Nf6 2.c4 e6 3.g3 c5 4.d5 exd5 5.cxd5 d6 6.Nc3 g6 7.Bg2 Bg7 8.Nf3 O-O
9.O-O Na6 10.Nd2 Nc7 11.Nc4 b6 12.Nxd6 Qxd6 13.Bf4 Qd7 14.d6 Ne6 15.Bxa8 Nxf4
16.gxf4 Qg4+ 17.Kh1 Qxf4 18.e3 Qh4 19.f4 Ng4 20.Qd2 Rd8 21.Bf3 Rxd6 22.Nd5 Bb7
23.e4 Bd4 24.Qg2 Nf2+ 25.Rxf2 Qxf2 26.Rd1 Qxg2+ 27.Kxg2 Bxd5 28.exd5 Bxb2
29.Rb1 Bd4 30.a4 Be3 31.f5 gxf5 32.Kf1 Kf8 33.Rb3 Bd4 34.h4 Rg6 35.a5 bxa5
36.Rb8+ Kg7 37.Rb5 Ra6 38.d6 Rxd6 39.Rxa5 c4 40.Rxf5 c3 41.Ke2 Bb6 42.Bd5 c2
43.Kd2 Kg6 44.Rg5+ Kf6 45.Kxc2 Be3 46.Rh5 Kg6 47.Re5 Kf6 48.Rh5 h6 49.Be4 Rd4
50.Bd3 Kg7 51.Re5 Bf2 52.h5 Rd7 53.Rf5 Bh4 54.Bc4 Bg5 55.Kb3 Kf8 56.Bd5 Rc7
57.Bc4 Be3 58.Kb4 a5+ 59.Kb5 a4 60.Rf3 Bc1 61.Rf1 Bb2 62.Ba2 a3 63.Kb4 Re7
64.Rf5 Re4+ 65.Kc5 Re7 66.Kd6 Ra7 67.Rb5 Ra6+ 68.Kd7 Ra7+ 69.Kd6 Kg7 70.Rf5 Bf6
71.Rb5 Be7+ 72.Kc6 Kf6 73.Rb3 Kg5 74.Rg3+ Kf4 75.Rg2 f5 76.Kb6 Rd7 77.Kc6 Rd3
78.Bb1 Rb3 79.Ba2 Rb2 80.Rxb2 axb2 81.Kd5 Ke3  0-1

[Event "TCh-ISL 2009-10"]
[Site "Rekjavik ISL"]
[Date "2010.03.05"]
[Round "6"]
[White "Johannesson,I"]
[Black "Arnason,J"]
[Result "0-1"]
[WhiteElo "2323"]
[BlackElo "2491"]

1.d4 Nf6 2.c4 e6 3.g3 c5 4.d5 exd5 5.cxd5 b5 6.Nf3 Bb7 7.Bg2 Bxd5 8.Nc3 Bc6
9.e4 d6 10.Qe2 Be7 11.Nxb5 Bxe4 12.Bf4 O-O 13.O-O a6 14.Nc3 Bb7 15.Rad1 Nc6
16.Qd2 Qb6 17.Rfe1 d5 18.Na4 Qd8 19.Bg5 Ne4 20.Bxe7 Nxe7 21.Qc2 Qc7 22.Nd2 Nxd2
23.Rxd2 c4 24.Nc3 Rad8 25.Red1 Qc5 26.Rd4 h6 27.a3 Bc6 28.Nxd5 Rxd5 29.Bxd5 Bxd5
30.Qe2 Be6 31.Rd6 a5 32.Rd8 Rxd8 33.Rxd8+ Kh7 34.Kg2 Nc6 35.Rd2 Bd5+ 36.Kf1 Ne5
37.Qh5 Be4 38.f4 Bd3+ 39.Kg2 Qd5+ 40.Kf2 Qd4+ 41.Kg2 Be4+  0-1

[Event "ch-Moscow KO"]
[Site "Moscow RUS"]
[Date "2010.03.25"]
[Round "1.1"]
[White "Seliverstov,Vl"]
[Black "Korotylev,A"]
[Result "0-1"]
[WhiteElo "2308"]
[BlackElo "2594"]

1.d4 Nf6 2.c4 e6 3.g3 c5 4.Nf3 cxd4 5.Nxd4 Bb4+ 6.Bd2 Be7 7.Bg2 Nc6 8.Bc3 O-O
9.O-O Qb6 10.e3 d6 11.Nd2 Bd7 12.b4 Rac8 13.Qb3 Ne5 14.Bb2 Rfe8 15.Rfc1 Ng6
16.a4 Qc7 17.a5 a6 18.b5 Rb8 19.Ne2 Red8 20.Bd4 Re8 21.Nc3 Qc8 22.Na4 Bd8
23.Qb4 Ra8 24.bxa6 Rxa6 25.Nb6 Bxb6 26.Bxb6 Bc6 27.Qxd6 Bxg2 28.Kxg2 e5 29.c5 Qf5
30.c6 bxc6 31.Qxc6 h5 32.e4 Qg4 33.Qc4 Raa8 34.f3 Qg5 35.Nf1 h4 36.Be3 Nf4+
37.Kf2 hxg3+ 38.hxg3 Nh3+ 39.Kg2 Nf4+ 40.Kf2 Nh3+ 41.Ke2 Qh5 42.a6 g5 43.Nd2 g4
44.a7 gxf3+ 45.Nxf3 Qg4 46.Rh1 Rec8 47.Qd3 Nxe4 48.Rxh3 Nc3+ 49.Kf2 e4 50.Qd4  0-1

[Event "TCh-AUT 2009-10"]
[Site "Baden AUT"]
[Date "2010.03.27"]
[Round "8"]
[White "Maslik,M"]
[Black "Kuzubov,Y"]
[Result "1/2-1/2"]
[WhiteElo "2377"]
[BlackElo "2634"]

1.d4 Nf6 2.c4 e6 3.g3 c5 4.d5 d6 5.Bg2 exd5 6.cxd5 g6 7.Nf3 Bg7 8.O-O O-O
9.Nc3 Re8 10.Nd2 Nbd7 11.a4 a6 12.h3 Qc7 13.Nc4 Nb6 14.Na3 Bd7 15.a5 Nc8
16.Nc4 Bb5 17.Na3 Bd7 18.Nc4 b5 19.axb6 Nxb6 20.Na5 Nc8 21.Nc6 Ne7 22.Bf4 Nxc6
23.dxc6 Bxc6 24.Qxd6 Qxd6 25.Bxd6 Bxg2 26.Kxg2 Ne4 27.Nxe4 Rxe4 28.Kf3 Rb4
29.Bxc5 Rxb2 30.Ra4 a5 31.e3 Ra6 32.Bd4 Bxd4 33.exd4 Kf8 34.Ke4 Ke7 35.Rfa1 Re6+
36.Kd5 Rxf2 37.Rxa5 Rf5+ 38.Kc4 Rf3 39.Ra7+ Kf6 40.R7a3 Ree3 41.Rxe3 Rxe3
42.Rf1+ Ke7 43.Rg1 Kd6 44.h4 h6 45.h5 g5 46.g4 Re4 47.Ra1 Rxg4 48.Ra6+ Ke7
49.Rxh6 Rh4 50.Kd5 Kf8 51.Ke5 Kg7 52.Rb6 Rxh5 53.Kf5 Rh4 54.Rd6 g4 55.Kf4 g3+
56.Kxg3 Re4 57.Kf3 f5  1/2-1/2

[Event "TCh-AUT 2009-10"]
[Site "Baden AUT"]
[Date "2010.03.28"]
[Round "9"]
[White "Kraemer,Mart"]
[Black "Maslik,M"]
[Result "0-1"]
[WhiteElo "2482"]
[BlackElo "2377"]

1.d4 Nf6 2.c4 e6 3.g3 c5 4.d5 exd5 5.cxd5 d6 6.Nc3 g6 7.Bg2 Bg7 8.Nf3 O-O
9.O-O Re8 10.Nd2 Nbd7 11.h3 a6 12.a4 Rb8 13.Nc4 Ne5 14.Na3 Nh5 15.e4 Bd7
16.g4 b5 17.gxh5 b4 18.Qe2 bxa3 19.Rxa3 c4 20.h6 Bh8 21.Nd1 Nd3 22.Bd2 Qh4
23.b3 Nc5 24.bxc4 Nxe4 25.Bc1 Nc3 26.Qd2 Nb1 27.Qd3 Nxa3 28.Bxa3 Bf5 29.Qf3 Be4
30.Qg4 Qxg4 31.hxg4 Rbd8 32.Re1 Bxg2 33.Rxe8+ Rxe8 34.Kxg2 Be5 35.Ne3 f6
36.Kf3 Kf7 37.c5 dxc5 38.Bxc5 Rc8 39.Bb6 Rc1 40.Ke4 Ra1 41.a5 Ra4+ 42.Kd3 Bf4
43.Nc4 Bxh6 44.Bd4 Bf8 45.d6 Ke6 46.Bc5 Rxc4 47.Kxc4 Bxd6 48.Bb6 Ke5 49.Bd8 Kf4
50.Kd5 Be5 51.f3 Bc3  0-1

[Event "TCh-AUT 2009-10"]
[Site "Baden AUT"]
[Date "2010.03.29"]
[Round "10"]
[White "Schneider,Il"]
[Black "Kuzubov,Y"]
[Result "1/2-1/2"]
[WhiteElo "2496"]
[BlackElo "2634"]

1.d4 Nf6 2.c4 e6 3.g3 c5 4.Nf3 cxd4 5.Nxd4 d5 6.Bg2 e5 7.Nf3 d4 8.O-O Nc6
9.e3 Bc5 10.exd4 exd4 11.a3 a5 12.Bg5 O-O 13.Nbd2 Bf5 14.Nh4 Be6 15.Qb3 Qd7
16.Bxf6 gxf6 17.Qb5 Be7 18.Qh5 Bg4 19.Qh6 Ne5 20.Rfe1 Ra6 21.f3 f5 22.Qxa6 bxa6
23.Rxe5 Bxh4 24.fxg4 Bg5 25.Nf3 Be3+ 26.Kh1 fxg4 27.Rd5 Qb7 28.Nxd4 Qxb2
29.Rd1 Bxd4 30.R5xd4 Qxa3 31.Rxg4+ Kh8 32.Rgd4 Re8 33.Rf4 Qc3 34.Rff1 Qxc4
35.Rc1 Qb4 36.Rb1 Qd2 37.Rbd1 Qe2 38.Ra1 Qe5 39.Ra2 Kg7 40.Raf2 Re7 41.Rf5 Qc3
42.R5f3 Qc2 43.R3f2 Qb3 44.Rf3 Qb6 45.Rf4 Rd7 46.Bh3 Qc6+ 47.Bg2 Qc2 48.Be4 Qb3
49.R4f3 Qb2 50.Bc6 Re7 51.R3f2 Qc3 52.Bd5 f6 53.Rf4 Re1 54.Ba2 Rxf1+ 55.Rxf1 Qc2
56.Bb1 Qb2 57.Bd3 a4 58.Bxa6 a3 59.Bc4 a2 60.Bxa2 Qxa2 61.Kg1 Kg6 62.Rf4 h5
63.Kh1 Qd2 64.Kg1 Kg5 65.Rh4 Qe2 66.Rf4 Qe1+ 67.Kg2 Qd1 68.Rh4 Kf5 69.Rf4+ Ke5
70.Rh4 Qe2+ 71.Kg1 Qf3 72.Rf4 Qxf4 73.gxf4+ Kxf4 74.Kf2 f5 75.Ke2 Ke4 76.Kf2 f4
77.Ke2 f3+ 78.Kf2 Kf4 79.Kf1 Ke5 80.Kf2 Ke4 81.Kf1 h4 82.Kf2 Kf4 83.Ke1 Ke3
84.Kf1 f2 85.h3 Kf3  1/2-1/2

[Event "17th TCh-RUS Higher League"]
[Site "Dagomys RUS"]
[Date "2010.04.04"]
[Round "3"]
[White "Yaksin,O"]
[Black "Ajrapetian,G"]
[Result "1-0"]
[WhiteElo "2400"]
[BlackElo "2443"]

1.d4 Nf6 2.c4 e6 3.g3 c5 4.Nf3 cxd4 5.Nxd4 Bb4+ 6.Bd2 Be7 7.Bg2 a6 8.O-O Qc7
9.b3 d6 10.Nc3 Nc6 11.e3 O-O 12.Rc1 Nxd4 13.exd4 Rb8 14.Bf4 Qd8 15.c5 h6
16.Re1 Re8 17.h4 Bf8 18.Na4 Nd7 19.cxd6 b5 20.Nc5 Rb6 21.Nxd7 Bxd7 22.d5 Bxd6
23.dxe6 Rxe6 24.Be3 Rb8 25.Bd5 Rf6 26.Bd4 Rg6 27.h5 Rg5 28.Be3 Rf5 29.Bxf7+ Rxf7
30.Qxd6 Bg4 31.Qxa6 Qd5 32.Rc5 Qf3 33.Qc6 Qxc6 34.Rxc6 Ra8 35.Ra1 Bxh5 36.f4 Rd7
37.Rc5 Be2 38.Kf2 Bd3 39.a4 bxa4 40.bxa4 Rb7 41.Bd4 Rd8 42.Bc3 Ba6 43.Re1 Rbd7
44.Re6 Bb7 45.a5 Ra8 46.Rb6 Be4 47.Ke3 Bd3 48.Be5 Bf5 49.Bb8 Rd8 50.Rxf5 Rdxb8
51.Rxb8+ Rxb8 52.Kd4 Rb3 53.g4 g6 54.Rd5 Rb4+ 55.Ke5 h5 56.g5 h4 57.Rd8+ Kf7
58.Rd7+ Ke8 59.Rh7 Ra4 60.Rxh4 Kf7 61.Rh7+ Kg8 62.Ra7 Kf8 63.Kf6 Rxf4+ 64.Kxg6 Rg4
65.a6 Rb4 66.Ra8+ Ke7 67.a7 Rb6+ 68.Kh5  1-0

[Event "Doeberl Cup"]
[Site "Canberra AUS"]
[Date "2010.04.05"]
[Round "9"]
[White "Kunte,A"]
[Black "Xie,G"]
[Result "1-0"]
[WhiteElo "2528"]
[BlackElo "2470"]

1.d4 Nf6 2.c4 e6 3.g3 c5 4.d5 exd5 5.cxd5 d6 6.Nc3 g6 7.Bg2 Bg7 8.Nf3 O-O
9.O-O a6 10.a4 Re8 11.Bf4 Nh5 12.Bd2 Nd7 13.Rb1 c4 14.b4 cxb3 15.Rxb3 Nc5
16.Rb4 Nf6 17.Nd4 Bg4 18.h3 Bd7 19.Nb3 a5 20.Rh4 Rc8 21.Nd4 Qb6 22.Ndb5 Bf5
23.g4 Be4 24.g5 Bxg2 25.Kxg2 Nfe4 26.Nxe4 Nxe4 27.Be3 Qd8 28.Rg4 Rc4 29.Qd3 Rb4
30.Rc1 f5 31.gxf6 Qxf6 32.Nc7 Re5 33.Ne6 Rxe6 34.dxe6 Qxe6 35.Rb1 d5 36.f3 h5
37.Rh4 Bf6 38.Rf4 g5 39.Rxf6 Nxf6 40.Qg6+ Kh8 41.Kf2 Ng4+  1-0

[Event "17th TCh-RUS Higher League"]
[Site "Dagomys RUS"]
[Date "2010.04.06"]
[Round "5"]
[White "Rozum,I"]
[Black "Ajrapetian,G"]
[Result "1-0"]
[WhiteElo "2472"]
[BlackElo "2443"]

1.d4 Nf6 2.c4 e6 3.g3 c5 4.d5 exd5 5.cxd5 b5 6.Nf3 d6 7.e4 Qb6 8.a4 bxa4
9.Nbd2 Nbd7 10.Qxa4 Be7 11.Nc4 Qc7 12.Qc2 O-O 13.Bg2 Nb6 14.Ne3 Re8 15.b4 Nfd7
16.Bb2 Qb8 17.O-O cxb4 18.Nd4 Bb7 19.Ndf5 Bf8 20.Qd2 a5 21.f4 Qd8 22.Rad1 g6
23.Nd4 Rc8 24.e5 dxe5 25.Nc6 Bxc6 26.dxc6 Nc5 27.Qc2 Qe7 28.fxe5 Bg7 29.Bd4 Nca4
30.Nd5 Qf8 31.Nxb6 b3 32.Qf2 Rc7 33.Kh1 Bxe5 34.Bxe5 Rxe5 35.Nd7 Rf5 36.Qd4 Rxf1+
37.Rxf1 Qe7 38.Nf6+ Kf8 39.Nd5  1-0

[Event "IV Open"]
[Site "La Laguna ESP"]
[Date "2010.04.08"]
[Round "5"]
[White "Acosta Sosa,J"]
[Black "Tatai,S"]
[Result "0-1"]
[WhiteElo "2023"]
[BlackElo "2356"]

1.d4 Nf6 2.c4 e6 3.g3 c5 4.d5 exd5 5.cxd5 d6 6.Bg2 g6 7.Nf3 Bg7 8.O-O O-O
9.Bf4 Nh5 10.Bg5 Qb6 11.Nbd2 Qa6 12.Qc2 h6 13.Be3 Qxe2 14.Rfe1 Qb5 15.a4 Qd7
16.Bf1 Na6 17.Ne4 f5 18.Bb5 Qd8 19.Bxa6 fxe4 20.Bf1 Rxf3 21.Qxe4 Rf5 22.Bd3 g5
23.Bc2 Nf6 24.Qd3 Re5  0-1